Les stations non-souterraines du métro de Paris - Statistiques

Statistiques générales
  • Ce quiz a été pris 99 fois
  • Le résultat moyen est 18 sur 27
Statistiques - réponses
Hint Réponse % Correct
Ligne 6 Aérienne B Bir-Hakeim
80%
Ligne 6 Aérienne Q Quai de la Gare
80%
Ligne 5 Fleur de sol Q Quai de la Rapée
80%
Ligne 2 Aérienne S Stalingrad
78%
Ligne 2 Aérienne B Barbès - Rochechouart
77%
Ligne 2 Aérienne J Jaurès
77%
Ligne 6 Aérienne G Glacière
76%
Ligne 6 Fleur de sol P Passy
76%
Ligne 2 Aérienne L La Chapelle
75%
Ligne 5 Aérienne G Gare d'Austerlitz
74%
Ligne 1 Fleur de sol B Bastille
73%
Ligne 6 Aérienne N Nationale
69%
Ligne 8 Fleur de sol C Créteil - Préfecture
67%
Ligne 8 Fleur de sol C Créteil - Université
67%
Ligne 6 Aérienne D Dupleix
66%
Ligne 6 Fleur de sol S Saint-Jacques
66%
Ligne 6 Aérienne C Cambronne
65%
Ligne 6 Aérienne C Corvisart
65%
Ligne 8 Fleur de sol C Créteil - L'Échat
65%
Ligne 6 Fleur de sol B Bel-Air
63%
Ligne 6 Aérienne C Chevaleret
60%
Ligne 13 Aérienne C Châtillon - Montrouge
59%
Ligne 6 Aérienne L La Motte-Picquet - Grenelle
58%
Ligne 8 Fleur de sol P Pointe du Lac
57%
Ligne 6 Aérienne S Sèvres - Lecourbe
55%
Ligne 13 Aérienne M Malakoff - Rue Étienne-Dolet
51%
Ligne 11 Aérienne C Coteaux Beauclair
44%
Aucun quiz correspondant
Distribution des résultats
% des personnes avec chaque résultat
Percentile par nombre de réponses
Votre historique - résultats
Vous n’avez pas pris ce quiz